Recomendaciones para realizar investigaciones sobre redes de apoyo y calidad de vida: agenda de investigación y métodos e instrumentos para estudios cualitativos y cuantitativos /
La profundización de los conocimientos sobre la calidad de vida de las personas mayores representa un gran desafío para investigadores, políticos y la para la sociedad en general, debido a su importancia para el acertado diseño e implementación de políticas y programas destinadas a mejorar las condi...
Gorde:
| Egile nagusia: | |
|---|---|
| Formatua: | Texto |
| Gaiak: | |
| Etiketak: |
Etiketa erantsi
Etiketarik gabe, Izan zaitez lehena erregistro honi etiketa jartzen!
|
MARC
| LEADER | 00000 a a2200000 04500 | ||
|---|---|---|---|
| 001 | 10351 | ||
| 003 | |||
| 040 | |||
| 100 | |a Palomba, Rossella | ||
| 245 | |a Recomendaciones para realizar investigaciones sobre redes de apoyo y calidad de vida: agenda de investigación y métodos e instrumentos para estudios cualitativos y cuantitativos / |c Rossella Palomba | ||
| 500 | |a Resumen también en inglés y francés | ||
| 520 | |a La profundización de los conocimientos sobre la calidad de vida de las personas mayores representa un gran desafío para investigadores, políticos y la para la sociedad en general, debido a su importancia para el acertado diseño e implementación de políticas y programas destinadas a mejorar las condiciones de vida de este segmento de la población, cada vez más importante. El responder a este desafío implica hacer frente a una serie de carencias teóricas, conceptuales e instrumentales que incluyen, entre otras, el uso de enfoques reduccionistas y parciales sobre la vejez y el envejecimiento, así como deficiencias de las metodologías y los instrumentos de valoración. Es importante considerar el grado de importancia que las mismas personas mayores les otorgan a los distintos ámbitos y aspectos de su calidad de vida, al contexto social y cultural en el que se desenvuelven y a las variables de género, clase, etnia y ubicación geográfica, que influyen en la sonfiguración objetiva y subjetiva de las condiciones de vida. Por último, es recomendable utilizar un enfoque que permita considerar la trayectoria vital de las personas mayores como un proceso continuo, a fin de dar cuenta del carácter dinámico y multidimensional de la vida de quienes integran este grupo, y por ende, de su calidad | ||
| 650 | |a ANCIANOS | ||
| 650 | |a CALIDAD DE LA VIDA | ||
| 650 | |2 Macrothesaurus de la OCDE | ||
| 650 | |a INVESTIGACION SOCIAL | ||
| 650 | |a ZONA DE ESTUDIO | ||
| 773 | |g volumen 30, número 77 Espec; páginas 251-261 | ||
| 999 | |c 36651 |d 36651 | ||
